00278nam a2200121Ia 4500003000400000008004100004082001800045100001300063245001900076250000800095260004500103300000800148OSt191201s2012 xx 000 0 und d a621.4021bKUT aKUMAR, A 0aThermodynamics arep c2012bDhanpat Rai Pub (P) LtdaNew Delhi a280